Word Ladder: Valentine's Day is Coming Quiz Stats

Quiz Updated Feb 11, 2014

Challenge
Share
Tweet
Embed
Score 0/26 Timer 03:00
2 Plays Today
Clue 5-Letter Word % Correct
♡ How sugar tastes ♡♡ SWEET ♡
99.7%
A bed cover, or a piece of paperSHEET
96.8%
Place to put a friendly kissCHEEK
95.4%
A hard nut to _____CRACK
94.4%
Disappear without a _____TRACE
92.5%
Lose _____ of timeTRACK
91.7%
Shout of encouragement from the fansCHEER
91.6%
Small river or inletCREEK
91.4%
Sound made by a floorboardCREAK
90.7%
Sound made by a frogCROAK
90%
Site at a cemeteryGRAVE
89.8%
♡ Courageous ♡♡ BRAVE ♡
89.5%
Mark on a report cardGRADE
89.4%
Clue 5-Letter Word % Correct
Transparently thin, like a negligeeSHEER
89.1%
♡ Fracture, rupture, split in two ♡♡ BREAK ♡
89.1%
Goldilocks visited three of themBEARS
88.8%
A bakery productBREAD
87.5%
_____ yourself (Hang on!)BRACE
86.6%
Rosary itemsBEADS
84.8%
Produce offspringBREED
84%
An earthenware potCROCK
82.9%
Statement of beliefCREED
82.9%
Perceives soundHEARS
82.7%
Renfro, Garrett and PittBRADS
82.2%
What seniors hope to be in springGRADS
81.7%
♥ COMMON BOND ♥♥ HEART ♥
68.6%

Today's Daily Dose

You're not logged in!

Compare scores with friends on all Sporcle quizzes.
Sign Up with Email
OR
Log In

You Might Also Like...

Show Comments

Extras

Top Quizzes Today


Score Distribution

Your Account Isn't Verified!

In order to create a playlist on Sporcle, you need to verify the email address you used during registration. Go to your Sporcle Settings to finish the process.